|
|
|
|
| LEADER |
00000nab a2200000 a 4500 |
| 001 |
vtls011112976 |
| 003 |
SK-MaSNL |
| 005 |
20260303150625.0 |
| 008 |
230222|2010 xo |||||||||||||||||slo| |
| 015 |
|
|
|a SNBRB
|
| 035 |
|
|
|a (uuid)1e9a3f63-54a4-4e4e-be89-4ddc51a9bd15
|
| 035 |
|
|
|a (urnnbn)urn:nbn:sk:snk:ar-a08h3c
|
| 035 |
|
|
|a urn:nbn:sk:snk-ab9jk4
|
| 040 |
|
|
|a SNKBUCL
|b slo
|c SNKBUCL
|e AACR2
|
| 041 |
0 |
|
|a slo
|
| 044 |
|
|
|a xo
|c SK
|
| 100 |
1 |
|
|a Joniaková, Zuzana,
|d 1970-
|4 aut
|9 200121
|
| 245 |
1 |
0 |
|a Recenzia vedeckej monografie Kachaňáková, A.: Organizačná kultúra
|c Zuzana Joniaková
|
| 246 |
3 |
|
|a Review of scientific monography Kachaňáková, A.: Organizational culture
|
| 773 |
0 |
|
|t Verejná správa a regionálny rozvoj : vedecký časopis Vysokej školy ekonómie a manažmentu verejnej správy v Bratislave
|g Roč. 6, č. 2 (2010), s. 106-107
|
| 954 |
|
|
|a odborná, vedecká literatúra pôvodná (slovenská)
|2 lita
|
| 958 |
|
|
|a OND
|
| 958 |
|
|
|a EUIPO
|
| 958 |
|
|
|a article13
|
| 999 |
|
|
|c 2012117
|d 2014047
|